| 000 | 00432 a2200157 4500 | ||
|---|---|---|---|
| 005 | 20250626102357.0 | ||
| 020 | _a0-13-027147-0 | ||
| 082 | _a658.5 HEI | ||
| 100 | _aHEIZER J | ||
| 245 | _aPrinciples of Operations Management | ||
| 250 | _a4th Ed. | ||
| 260 |
_aNew Jersey _bPrentice-Hall, Inc _c2000 |
||
| 300 |
_axxxi; 716Pages; Bibliographies; Index _bIllustration; Pictures. _c24cm |
||
| 700 | _aRENDER, B. | ||
| 942 |
_2ddc _n0 _cBKS |
||
| 999 |
_c5281 _d5281 |
||